Kahān̲ ruke hain̲ maḥabbat ke qāfile / (Record no. 329597)
[ view plain ]
| 000 -LEADER | |
|---|---|
| fixed length control field | 00774cam a22002417a 4500 |
| 001 - CONTROL NUMBER | |
| control field | 15778326 |
| 003 - CONTROL NUMBER IDENTIFIER | |
| control field | NUST |
| 005 - DATE AND TIME OF LATEST TRANSACTION | |
| control field | 20170613111125.0 |
| 008 - FIXED-LENGTH DATA ELEMENTS--GENERAL INFORMATION | |
| fixed length control field | 090617s2009 pk 000 1 urd |
| 010 ## - LIBRARY OF CONGRESS CONTROL NUMBER | |
| LC control number | 2009362287 |
| 020 ## - INTERNATIONAL STANDARD BOOK NUMBER | |
| International Standard Book Number | 9789695730621 |
| 040 ## - CATALOGING SOURCE | |
| Original cataloging agency | DLC |
| Transcribing agency | DLC |
| 042 ## - AUTHENTICATION CODE | |
| Authentication code | lcode |
| 050 00 - LIBRARY OF CONGRESS CALL NUMBER | |
| Classification number | MLCSA 2009/01166 (P) |
| 082 ## - DEWEY DECIMAL CLASSIFICATION NUMBER | |
| Classification number | 891.4393 |
| Author Mark | ABD |
| 100 1# - MAIN ENTRY--PERSONAL NAME | |
| Personal name | ʻAbdullāh, Nighat. |
| 9 (RLIN) | 754 |
| 245 10 - TITLE STATEMENT | |
| Title | Kahān̲ ruke hain̲ maḥabbat ke qāfile / |
| Statement of responsibility, etc. | Nighat ʻAbdullāh. |
| 260 ## - PUBLICATION, DISTRIBUTION, ETC. | |
| Place of publication, distribution, etc. | Lāhore : |
| Name of publisher, distributor, etc. | Jahāngīr Buks : |
| -- | Taqsīm kunandah, Sailz Ḍipū, |
| Date of publication, distribution, etc. | 2009 |
| 300 ## - PHYSICAL DESCRIPTION | |
| Extent | 256 p. ; |
| Dimensions | 22 cm. |
| 500 ## - GENERAL NOTE | |
| General note | Novel. |
| 546 ## - LANGUAGE NOTE | |
| Language note | In Urdu. |
| 880 ## - ALTERNATE GRAPHIC REPRESENTATION | |
| Title | کہاں رکے ہیں محبت کے قافلے |
| Linkage | 245-02\(3\r |
| c | نگہت عبداللہ |
| 880 ## - ALTERNATE GRAPHIC REPRESENTATION | |
| Title | نگہت عبداللہ |
| Linkage | 100-01\(3\r |
| 880 ## - ALTERNATE GRAPHIC REPRESENTATION | |
| Title | لاہور: |
| Linkage | 260-03\(3\r |
| b | خزینہ علم و ادب، |
| c | 2009 |
| 906 ## - LOCAL DATA ELEMENT F, LDF (RLIN) | |
| a | 7 |
| b | cbc |
| c | origode |
| d | 4 |
| e | ncip |
| f | 20 |
| g | y-gencatlg |
| 942 ## - ADDED ENTRY ELEMENTS (KOHA) | |
| Source of classification or shelving scheme | |
| Koha item type | Book |
| Withdrawn status | Lost status | Source of classification or shelving scheme | Damaged status | Not for loan | Collection code | Permanent Location | Current Location | Shelving location | Date acquired | Total Checkouts | Total Renewals | Full call number | Barcode | Date last seen | Date last checked out | Copy number | Price effective from | Koha item type |
|---|---|---|---|---|---|---|---|---|---|---|---|---|---|---|---|---|---|---|
| Central Library (CL) | Central Library (CL) | Fiction | 05/15/2017 | 4 | 1 | 891.4393 ABD | CL2440 | 01/04/2022 | 01/02/2022 | 1 | 05/15/2017 | Book |
